Histoire de la Caricature antique / (Record no. 153083)

MARC details
000 -LEADER
campo de control de longitud fija 00875nam a22002175i 4500
001 - NÚMERO DE CONTROL
campo de control 153083
003 - IDENTIFICADOR DE NÚMERO DE CONTROL
campo de control ES-MaACL
005 - FECHA Y HORA DE LA ÚLTIMA TRANSACCIÓN
campo de control 20230906205021.0
008 - DATOS DE LONGITUD FIJA--INFORMACIÓN GENERAL
campo de control de longitud fija 980923s1867 fr a |||| | fre d
040 ## - FUENTE DE CATALOGACIÓN
Centro catalogador/agencia de origen CCPB | B
Lengua de catalogación spa
Centro/agencia transcriptor CCPB | B
100 1# - ENTRADA PRINCIPAL--NOMBRE DE PERSONA
Nombre de persona Champfleury.
9 (RLIN) 126445
245 10 - MENCIÓN DEL TÍTULO
Título Histoire de la Caricature antique /
Mención de responsabilidad, etc. par Champfleury.
250 ## - MENCION DE EDICION
Mención de edición 3e éd., tres-augm.
260 ## - PUBLICACIÓN, DISTRIBUCIÓN, ETC.
Lugar de publicación, distribución, etc. Paris :
Nombre del editor, distribuidor, etc. E. Dentu,
Fecha de publicación, distribución, etc. [s.a.] (
Fabricante Imprimerie Émile Martinet)
300 ## - DESCRIPCIÓN FÍSICA
Extensión [1] h. de lám., XXII, 347 p. ;
Dimensiones 18 cm.
596 #1 - NOTA AL PIE DE IMPRENTA
NOTA AL PIE DE IMPRENTA Advertencia firmada por Champfleury y fechada en Junio de 1867.
650 #4 - PUNTO DE ACCESO ADICIONAL DE MATERIA--TÉRMINO DE MATERIA
Término de materia o nombre geográfico como elemento de entrada Caricatura-
Subdivisión general Historia.
9 (RLIN) 221990
752 ## - ENTRADA AGREGADA--NOMBRE JERÁRQUICO DEL LUGAR
País o entidad superior Francia -
Ciudad París
852 ## - LOCALIZACIÓN
Ubicación ES-MaACL
Número de control de estantería G-10908
Nota libre -- Enc. hol.
-- -- Legado de M. de la Fuente
Encuadernación -- Edic.: El autor es "Champfleury, Jules-François-Félix Husson" según el Catalogue Collectif de France
Holdings
Estatus retirado Estado de pérdida Estado de daño No para préstamo Biblioteca de origen Biblioteca actual Ubicación en estantería Fecha de adquisición Fuente de adquisición Total de préstamos Signatura topográfica completa Código de barras Visto por última vez Precio de reemplazo Tipo de ítem Koha
        Biblioteca del Ateneo de Madrid Biblioteca del Ateneo de Madrid Sala Pecera Planta 3 17/01/2008     G-10908 1159941 23/02/2023 23/02/2023 Libro impreso